[Event "NCA-chT Final"]
[Site "Managua"]
[Date "2020.10.25"]
[Round "3.4"]
[White "Blandon Talavera, Daniel Antonio"]
[Black "Carranza Narvaez, Sergio Ivan"]
[Result "0-1"]
[WhiteElo "1664"]
[BlackElo "1944"]
[PlyCount "71"]
[EventDate "2020.10.24"]
[EventType "team-tourn"]
[EventRounds "11"]
[EventCountry "NCA"]
[SourceTitle "EXT 2022"]
[Source "ChessBase"]
[SourceDate "2021.10.06"]
[SourceVersion "1"]
[SourceVersionDate "2021.10.06"]
[SourceQuality "1"]

1. d4 Nf6 2. Bg5 e6 3. Nf3 Be7 4. e3 b6 5. Nbd2 Bb7 6. c3 Ne4 7. Bxe7 Qxe7 8. Nxe4 Bxe4 9. Be2 0-0 10. 0-0 f5 11. Qd2 d6 12. b4 Nd7 13. a4 a5 14. Rfe1 Rf6 15. Rec1 Rh6 16. g3 g5 17. Ne1 Nf6 18. f3 Bb7 19. c4 g4 20. e4 Qg7 21. e5 dxe5 22. dxe5 Nd7 23. f4 axb4 24. Qxb4 Nc5 25. a5 Qd7 26. Rd1 Qc6 27. axb6 Qh1+ 28. Kf2 Rxh2+ 29. Ke3 Qe4+ 30. Kd2 Rxe2+ 31. Kc3 Re3+ 32. Kb2 Re2+ 33. Rd2 Rxe1 34. Rxa8+ Bxa8 35. Rd8+ Kg7 36. Qxc5 0-1